000 00666cam a22002293a 4500
001 16470
003 PGUSA
005 20140828083342.0
008 050807s2005||||xxu|||||s|||||000 | eng d
040 _aPGUSA
_beng
042 _adc
050 4 _aBL
100 1 _aSinclair, Upton,
_d1878-1968
245 1 4 _aThe Profits of Religion, Fifth Edition
_h[electronic resource] /
_cUpton Sinclair
260 _bProject Gutenberg,
_c2005
506 _aPublic domain in the USA.
516 _aElectronic text
653 _aChristianity -- Controversial literature
830 0 _aProject Gutenberg
_v16470
856 4 0 _uhttp://www.gutenberg.org/ebooks/16470
942 _cEB
999 _c245725
_d245725